[Event "Djenovici TS05 IM 3rd"]
[Site "Djenovici"]
[Date "2019.05.25"]
[Round "9"]
[White "Lyell, Mark"]
[Black "Shyam Prasad Reddy, K."]
[Result "0-1"]
[WhiteElo "2256"]
[BlackElo "2252"]
[PlyCount "54"]
[EventDate "2019.05.18"]
[EventType "tourn"]
[EventRounds "9"]
[EventCountry "MNE"]
[SourceTitle "CBM 190 Extra"]
[Source "ChessBase"]
[SourceDate "2019.07.15"]
[SourceVersion "1"]
[SourceVersionDate "2019.07.15"]
[SourceQuality "1"]

1. d4 Nf6 2. Bf4 g6 3. Nc3 d5 4. e3 Bg7 5. h4 0-0 6. h5 c5 7. hxg6 hxg6 8. Qd2 Nc6 9. 0-0-0 Qa5 10. f3 Be6 11. g4 Rfc8 12. Kb1 c4 13. Qh2 b5 14. Bh6 Bh8 15. Bf8 Kxf8 16. Qxh8+ Ng8 17. e4 b4 18. Nxd5 b3 19. cxb3 Bxd5 20. bxc4 Rab8 21. Rh2 Nb4 22. a3 Bxc4 23. Bxc4 Rxc4 24. axb4 Qa4 25. Rdd2 Rb6 26. Ne2 Ra6 27. Nc3 Rxc3 0-1

[Event "Djenovici TS05 IM 3rd"]
[Site "Djenovici"]
[Date "2019.05.19"]
[Round "2"]
[White "Shyam Prasad Reddy, K."]
[Black "Rajkovic, Dusan"]
[Result "1/2-1/2"]
[WhiteElo "2252"]
[BlackElo "2292"]
[PlyCount "52"]
[EventDate "2019.05.18"]
[EventType "tourn"]
[EventRounds "9"]
[EventCountry "MNE"]
[SourceTitle "CBM 190 Extra"]
[Source "ChessBase"]
[SourceDate "2019.07.15"]
[SourceVersion "1"]
[SourceVersionDate "2019.07.15"]
[SourceQuality "1"]

1. e4 c5 2. Nf3 Nc6 3. d4 cxd4 4. Nxd4 g6 5. Nc3 Bg7 6. Be3 Nf6 7. f3 0-0 8. Qd2 d5 9. Nxc6 bxc6 10. 0-0-0 Be6 11. e5 Nd7 12. f4 f6 13. exf6 Nxf6 14. Bd4 Rb8 15. Qe3 Bf5 16. Be2 Ne4 17. Bxg7 Kxg7 18. g4 Qb6 19. Qxb6 axb6 20. gxf5 Nf2 21. Rhe1 Nxd1 22. Bxd1 Rxf5 23. Rxe7+ Rf7 24. Re6 Rf6 25. Re7+ Rf7 26. Re6 Rf6 1/2-1/2

[Event "Karlsruhe Grenke op"]
[Site "Karlsruhe"]
[Date "2019.04.21"]
[Round "6"]
[White "Gkoumas, Georgios"]
[Black "Shyam Prasad Reddy, K."]
[Result "1-0"]
[WhiteElo "2386"]
[BlackElo "2215"]
[PlyCount "79"]
[EventDate "2019.04.18"]
[EventType "swiss"]
[EventRounds "9"]
[EventCountry "GER"]
[SourceTitle "CBM 189 Extra"]
[Source "ChessBase"]
[SourceDate "2019.05.31"]
[SourceVersion "1"]
[SourceVersionDate "2019.05.31"]
[SourceQuality "1"]

1. e4 c5 2. Nf3 Nc6 3. d4 cxd4 4. Nxd4 Nf6 5. Nc3 e5 6. Ndb5 d6 7. Nd5 Nxd5 8. exd5 Nb8 9. a4 Be7 10. Be2 0-0 11. 0-0 a6 12. Na3 f5 13. f4 e4 14. Be3 Nd7 15. c3 Nf6 16. Nc4 Bd7 17. Nb6 Rb8 18. c4 Be8 19. a5 Bf7 20. b4 Nd7 21. Qd2 h6 22. Rfd1 Nxb6 23. axb6 Rc8 24. Rac1 g5 25. g3 gxf4 26. gxf4 Kh7 27. c5 Qe8 28. c6 Bh5 29. cxb7 Qg6+ 30. Kh1 Rg8 31. Rg1 Rxc1 32. Qxc1 Bxe2 33. Rxg6 Rxg6 34. h4 Rg4 35. Qc7 Bf3+ 36. Kh2 Rxh4+ 37. Kg3 Rg4+ 38. Kf2 Rg7 39. Qxe7 Rxe7 40. b8Q 1-0

[Event "Prague op-A 18th"]
[Site "Prague"]
[Date "2019.01.16"]
[Round "7"]
[White "Jijo, Joy"]
[Black "Shyam Prasad Reddy, K."]
[Result "1/2-1/2"]
[WhiteElo "1940"]
[BlackElo "2137"]
[PlyCount "51"]
[EventDate "2019.01.11"]
[EventType "swiss"]
[EventRounds "9"]
[EventCountry "CZE"]
[SourceTitle "CBM 188 Extra"]
[Source "ChessBase"]
[SourceDate "2019.02.28"]
[SourceVersion "1"]
[SourceVersionDate "2019.02.28"]
[SourceQuality "1"]

1. e4 e5 2. Nf3 Nc6 3. Nc3 Nf6 4. d4 exd4 5. Nxd4 Bb4 6. Nxc6 bxc6 7. Bd3 0-0 8. 0-0 d5 9. exd5 cxd5 10. Bg5 c6 11. Qf3 h6 12. Bxf6 Qxf6 13. Qxf6 gxf6 14. Ne2 Bd6 15. Ng3 Re8 16. Nf5 Bf8 17. Rfe1 Bd7 18. g4 c5 19. b3 Re5 20. c4 d4 21. Rxe5 fxe5 22. Re1 Re8 23. f3 Bxf5 24. Bxf5 Kg7 25. Re2 Bd6 26. h3 1/2-1/2

[Event "Krakow op-A 29th"]
[Site "Krakow"]
[Date "2019.01.03"]
[Round "8"]
[White "Shyam Prasad Reddy, K."]
[Black "Gombocz, Ferenc Jr"]
[Result "1-0"]
[WhiteElo "2030"]
[BlackElo "2263"]
[PlyCount "51"]
[EventDate "2018.12.27"]
[EventType "swiss"]
[EventRounds "9"]
[EventCountry "POL"]
[SourceTitle "CBM 189 Extra"]
[Source "ChessBase"]
[SourceDate "2019.05.31"]
[SourceVersion "1"]
[SourceVersionDate "2019.05.31"]
[SourceQuality "1"]

1. e4 e5 2. Nf3 Nc6 3. Bb5 g6 4. d4 exd4 5. c3 dxc3 6. Nxc3 Bg7 7. Bg5 Nce7 8. Rc1 c6 9. Ba4 d6 10. 0-0 Be6 11. Nd4 Qd7 12. Ncb5 Be5 13. Nxe6 fxe6 14. Nd4 h6 15. Be3 Bxd4 16. Qxd4 e5 17. Qd2 Nf6 18. f3 g5 19. Rfd1 d5 20. exd5 Nfxd5 21. Qe2 0-0 22. Bc5 Qe6 23. Bb3 Rae8 24. Qe4 b6 25. Bxe7 Qxe7 26. Rxc6 1-0

[Event "Krakow op-A 29th"]
[Site "Krakow"]
[Date "2018.12.30"]
[Round "5"]
[White "Szczurek, Krzysztof"]
[Black "Shyam Prasad Reddy, K."]
[Result "1/2-1/2"]
[WhiteElo "2212"]
[BlackElo "2030"]
[PlyCount "115"]
[EventDate "2018.12.27"]
[EventType "swiss"]
[EventRounds "9"]
[EventCountry "POL"]
[SourceTitle "CBM 189 Extra"]
[Source "ChessBase"]
[SourceDate "2019.05.31"]
[SourceVersion "1"]
[SourceVersionDate "2019.05.31"]
[SourceQuality "1"]

1. e4 e5 2. Nf3 Nc6 3. Bc4 Nf6 4. Ng5 d5 5. exd5 Na5 6. d3 h6 7. Nf3 Bd6 8. h3 0-0 9. 0-0 c6 10. dxc6 bxc6 11. Bb3 Nxb3 12. axb3 Nd5 13. Re1 Qc7 14. Nbd2 f5 15. Nc4 Re8 16. Bd2 Bb7 17. Nh4 Bc5 18. Qh5 Rad8 19. Nxf5 Bc8 20. Be3 Nxe3 21. Nfxe3 Re7 22. Ng4 Bxg4 23. Qxg4 Rf8 24. Re2 Rf4 25. Qg3 e4 26. Kh1 exd3 27. Qxd3 Rxe2 28. Qxe2 Rxf2 29. Qe6+ Kh8 30. Qe8+ Rf8 31. Qe5 Qxe5 32. Nxe5 Rf2 33. c3 Bd6 34. Nc4 Bg3 35. b4 Kh7 36. Rb1 Re2 37. Na5 Re6 38. Nb3 g5 39. Nd4 Rf6 40. b5 c5 41. Nb3 c4 42. Nd2 Rf4 43. Rf1 Rxf1+ 44. Nxf1 Bf4 45. g4 h5 46. gxh5 Bc1 47. Ng3 Bxb2 48. Ne4 Kh6 49. Kg2 Kxh5 50. Kf3 Kh4 51. Ke3 Bc1+ 52. Kd4 Kxh3 53. Kxc4 g4 54. Kd5 g3 55. Nxg3 Kxg3 56. c4 Kf4 57. c5 Be3 58. b6 1/2-1/2

[Event "Gujarat op 1st"]
[Site "Ahmedabad"]
[Date "2018.10.07"]
[Round "4"]
[White "Shyam Prasad Reddy, K."]
[Black "Abu Sufian, Sakil"]
[Result "0-1"]
[WhiteElo "2014"]
[BlackElo "2247"]
[PlyCount "72"]
[EventDate "2018.10.05"]
[EventType "swiss"]
[EventRounds "10"]
[EventCountry "IND"]
[SourceTitle "CBM 186 Extra"]
[Source "ChessBase"]
[SourceDate "2018.08.24"]
[SourceVersion "1"]
[SourceVersionDate "2018.08.24"]
[SourceQuality "1"]

1. e4 c6 2. d4 d5 3. exd5 cxd5 4. c4 Nf6 5. Nc3 Nc6 6. Bg5 e6 7. Nf3 Bb4 8. Be2 dxc4 9. 0-0 h6 10. Bxf6 Qxf6 11. d5 exd5 12. Nxd5 Qd6 13. Nxb4 Qxb4 14. Nd4 0-0 15. Nxc6 bxc6 16. Qc2 Be6 17. Rfc1 Rfd8 18. a3 Qb3 19. h3 Rab8 20. Qe4 Qxb2 21. Rab1 Qxa3 22. Ra1 Qc5 23. Bxc4 Rd4 24. Qxe6 Rd1+ 25. Rxd1 fxe6 26. Bxe6+ Kh8 27. Rac1 Qb6 28. Bg4 Rf8 29. Bf3 c5 30. Rd7 a6 31. Rcd1 c4 32. R1d6 Qb1+ 33. Kh2 Qe1 34. Rd2 Qe5+ 35. Kg1 c3 36. Re2 Qb5 0-1

[Event "IND-ch U17"]
[Site "Haryana"]
[Date "2018.09.06"]
[Round "4"]
[White "Panesar, Vedant"]
[Black "Shyam Prasad Reddy, K."]
[Result "1-0"]
[WhiteElo "2124"]
[BlackElo "2148"]
[PlyCount "95"]
[EventDate "2018.09.03"]
[EventType "swiss"]
[EventRounds "11"]
[EventCountry "IND"]
[SourceTitle "CBM 186 Extra"]
[Source "ChessBase"]
[SourceDate "2018.08.24"]
[SourceVersion "1"]
[SourceVersionDate "2018.08.24"]
[SourceQuality "1"]

1. c4 Nf6 2. Nf3 c5 3. g3 d5 4. cxd5 Nxd5 5. Bg2 Nc6 6. Nc3 g6 7. d3 Bg7 8. Bd2 0-0 9. h4 Bg4 10. Nh2 Be6 11. h5 Nxc3 12. bxc3 Bd5 13. Kf1 Bxg2+ 14. Kxg2 Qd5+ 15. f3 Ne5 16. Qa4 Rad8 17. Qh4 Qe6 18. Nf1 Bf6 19. Qe4 Qc6 20. Qf4 g5 21. Qe4 Qxe4 22. fxe4 h6 23. Ne3 e6 24. Rab1 Rd7 25. Rhf1 Bg7 26. Rb5 b6 27. a4 Rfd8 28. Be1 Nc6 29. Nc4 f5 30. exf5 exf5 31. Rxf5 Ne7 32. Rf2 Nd5 33. Rb3 Re8 34. Bd2 Nf6 35. Ne3 Ne4 36. dxe4 Rxd2 37. a5 Rxe4 38. axb6 axb6 39. Kf3 Re6 40. g4 Ra2 41. Nd5 Rc2 42. e3 Rc1 43. Ra3 Re8 44. Kg2 Re4 45. Ra8+ Kh7 46. Rf7 Re6 47. Raa7 Rc2+ 48. Kf3 1-0

[Event "Montcada op-A 26th"]
[Site "Montcada"]
[Date "2018.07.01"]
[Round "8"]
[White "Shyam Prasad Reddy, K."]
[Black "Kulkarni, Chinmay"]
[Result "1/2-1/2"]
[WhiteElo "1912"]
[BlackElo "2281"]
[PlyCount "125"]
[EventDate "2018.06.25"]
[EventType "swiss"]
[EventRounds "9"]
[EventCountry "ESP"]
[SourceTitle "EXT 2019"]
[Source "ChessBase"]
[SourceDate "2018.10.10"]
[SourceVersion "1"]
[SourceVersionDate "2018.10.10"]
[SourceQuality "1"]

1. e4 c5 2. Nf3 Nc6 3. d4 cxd4 4. Nxd4 g6 5. c4 Nf6 6. Nc3 Bg7 7. Be3 Ng4 8. Qxg4 Nxd4 9. Qd1 Ne6 10. Qd2 Qa5 11. Rc1 d6 12. Be2 g5 13. 0-0 h5 14. Rfd1 b6 15. a3 Qe5 16. b4 Nf4 17. Nb5 Nxe2+ 18. Qxe2 Kf8 19. Rd5 Qxe4 20. f3 Qh7 21. Nc7 Bb7 22. Nxa8 Bxa8 23. Bxg5 f6 24. Re1 Bxd5 25. Qxe7+ Kg8 26. cxd5 Qf5 27. Bh4 Kh7 28. Qxa7 Qxd5 29. Bxf6 Rg8 30. Qe7 Qd2 31. Qe4+ Kh6 32. Bxg7+ Rxg7 33. Qe3+ Qxe3+ 34. Rxe3 Rd7 35. Kf2 Kg5 36. Re8 Rc7 37. Rb8 h4 38. Ke2 Rc2+ 39. Kd3 Ra2 40. Ke4 Rxa3 41. Rxb6 Rb3 42. Rb5+ Kg6 43. Kf4 Rb2 44. Rg5+ Kf6 45. Rg4 Rxb4+ 46. Ke3 Rb3+ 47. Ke4 h3 48. gxh3 Rb2 49. Kd5 Rxh2 50. h4 Kf5 51. Kxd6 Rh3 52. Ke7 Rxf3 53. Rg5+ Kf4 54. Kf6 Ra3 55. Kg6 Ra6+ 56. Kh7 Ra7+ 57. Kh6 Ra8 58. Kh7 Ra7+ 59. Kg6 Ra6+ 60. Kh5 Ra8 61. Kg6 Rh8 62. Rh5 Rxh5 63. Kxh5 1/2-1/2

[Event "Montcada op-A 26th"]
[Site "Montcada"]
[Date "2018.06.30"]
[Round "7"]
[White "Gomez Jurado, Luis Alberto"]
[Black "Shyam Prasad Reddy, K."]
[Result "1/2-1/2"]
[WhiteElo "2272"]
[BlackElo "1912"]
[PlyCount "96"]
[EventDate "2018.06.25"]
[EventType "swiss"]
[EventRounds "9"]
[EventCountry "ESP"]
[SourceTitle "CBM 185 Extra"]
[Source "ChessBase"]
[SourceDate "2018.07.29"]
[SourceVersion "1"]
[SourceVersionDate "2018.07.29"]
[SourceQuality "1"]

1. c4 Nf6 2. g3 g6 3. Bg2 Bg7 4. Nc3 c5 5. e4 Nc6 6. Nge2 0-0 7. 0-0 d6 8. h3 e5 9. a3 a6 10. Rb1 Rb8 11. b4 cxb4 12. axb4 b5 13. cxb5 axb5 14. d3 Be6 15. f4 exf4 16. gxf4 Qb6+ 17. d4 Bc4 18. Be3 Rfe8 19. Bf2 Qc7 20. d5 Ne7 21. Rc1 Nh5 22. Bd4 f5 23. Bxg7 Nxg7 24. Qd4 fxe4 25. Nxb5 Qd7 26. Qxc4 Qxb5 27. Qxb5 Rxb5 28. Nc3 Rxb4 29. Nxe4 Rd8 30. Nf6+ Kh8 31. Rc7 Nef5 32. Rfc1 Rbb8 33. Be4 Nd4 34. Bd3 Nb3 35. Re1 Rbc8 36. Ra7 Ra8 37. Ree7 Rxa7 38. Rxa7 Nc5 39. Bc2 Rf8 40. Nd7 Nxd7 41. Rxd7 Ne8 42. Rd8 Kg7 43. Ba4 Nc7 44. Rxd6 Rxf4 45. Rd7+ Rf7 46. d6 Rxd7 47. Bxd7 Na6 48. Bb5 Nc5 1/2-1/2

[Event "Mumbai Wealth op 3rd"]
[Site "Mumbai"]
[Date "2018.01.02"]
[Round "4"]
[White "Singh, S Vikramjit"]
[Black "Shyam Prasad Reddy, K."]
[Result "1-0"]
[WhiteElo "2256"]
[BlackElo "1821"]
[PlyCount "49"]
[EventDate "2017.12.30"]
[EventType "swiss"]
[EventRounds "9"]
[EventCountry "IND"]
[SourceTitle "CBM 182 Extra"]
[Source "ChessBase"]
[SourceDate "2018.02.23"]
[SourceVersion "1"]
[SourceVersionDate "2018.02.23"]
[SourceQuality "1"]

1. d4 Nf6 2. Bg5 g6 3. Nc3 d5 4. Qd2 c6 5. Nf3 Bf5 6. Ne5 Nbd7 7. Nxd7 Qxd7 8. f3 Bg7 9. 0-0-0 0-0-0 10. e3 Rhe8 11. g4 Be6 12. Bf4 Bf5 13. Bg5 Be6 14. Bf4 b5 15. Nxb5 Qb7 16. Nc3 Qb4 17. Qd3 Qc4 18. Qd2 Qb4 19. Qe2 Qc4 20. Qe1 Qb4 21. Ne4 Qb6 22. Nc5 Rd6 23. Rd3 Nd7 24. Rb3 Qc7 25. Ba6+ 1-0

[Event "IND-ch U13 31st"]
[Site "Jalandhar"]
[Date "2017.06.27"]
[Round "9"]
[White "Srihari, LR."]
[Black "Shyam Prasad Reddy, K."]
[Result "1/2-1/2"]
[WhiteElo "1788"]
[BlackElo "1882"]
[PlyCount "84"]
[EventDate "2017.06.21"]
[EventType "swiss"]
[EventRounds "11"]
[EventCountry "IND"]
[SourceTitle "CBM 179 Extra"]
[Source "ChessBase"]
[SourceDate "2017.08.23"]
[SourceVersion "1"]
[SourceVersionDate "2017.08.23"]
[SourceQuality "1"]

1. d4 Nf6 2. c4 g6 3. Nc3 d5 4. cxd5 Nxd5 5. Bd2 Bg7 6. e4 Nb6 7. Be3 0-0 8. Be2 Nc6 9. Nf3 Bg4 10. e5 Nb4 11. 0-0 N4d5 12. Bd2 Nxc3 13. bxc3 Rc8 14. h3 Be6 15. Ng5 Bc4 16. Ne4 Bxe2 17. Qxe2 Qd5 18. f4 Nc4 19. Be1 f5 20. Nc5 b6 21. Nb3 e6 22. Rd1 Rf7 23. Bf2 Bf8 24. Nd2 Nxd2 25. Rxd2 b5 26. Rc1 Rd7 27. c4 bxc4 28. Rxc4 Rb8 29. Rdc2 Rb7 30. Rc6 Kf7 31. Qc4 Qxc4 32. R2xc4 Be7 33. d5 Rxd5 34. Rxc7 Rd7 35. Rxd7 Rxd7 36. Ra4 Rd1+ 37. Kh2 Rd2 38. Bxa7 g5 39. fxg5 Bxg5 40. h4 Bh6 41. Kg1 Rd1+ 42. Kh2 Rd5 1/2-1/2

[Event "IND-ch U13 31st"]
[Site "Jalandhar"]
[Date "2017.06.22"]
[Round "3"]
[White "Soham, Kamotra"]
[Black "Shyam Prasad Reddy, K."]
[Result "1/2-1/2"]
[WhiteElo "1681"]
[BlackElo "1882"]
[PlyCount "148"]
[EventDate "2017.06.21"]
[EventType "swiss"]
[EventRounds "11"]
[EventCountry "IND"]
[SourceTitle "CBM 179 Extra"]
[Source "ChessBase"]
[SourceDate "2017.08.23"]
[SourceVersion "1"]
[SourceVersionDate "2017.08.23"]
[SourceQuality "1"]

1. Nf3 Nf6 2. c4 g6 3. g3 Bg7 4. Bg2 0-0 5. 0-0 c5 6. Nc3 d5 7. cxd5 Nxd5 8. Qb3 Nb6 9. d3 Nc6 10. Be3 Nd4 11. Qd1 Bd7 12. Ne4 Ba4 13. b3 Bc6 14. Rc1 Nd5 15. Bd2 Nxf3+ 16. Bxf3 b6 17. b4 Qd7 18. bxc5 Ba4 19. Qe1 Rac8 20. Nc3 Bc6 21. cxb6 axb6 22. Nxd5 Bxd5 23. Bxd5 Qxd5 24. Rxc8 Rxc8 25. Qb1 Bd4 26. e3 Bg7 27. e4 Qd7 28. Rc1 Rd8 29. Be3 Bd4 30. Bxd4 Qxd4 31. Rc6 b5 32. Qxb5 Qa1+ 33. Kg2 Qxa2 34. Qe5 Qd2 35. Qxe7 Qxd3 36. Rc7 Rf8 37. h4 Qe2 38. Rc3 Qd2 39. Rf3 Qd4 40. e5 Qd5 41. h5 gxh5 42. Qg5+ Kh8 43. Qf6+ Kg8 44. Kh2 Qe6 45. Qg5+ Qg6 46. Rf5 Qxg5 47. Rxg5+ Kh8 48. Rxh5 Re8 49. Kh3 Kg7 50. Rg5+ Kf8 51. Kg4 h6 52. Rf5 Kg7 53. f4 Re6 54. Rh5 Rg6+ 55. Kf3 Ra6 56. Rh1 f6 57. Ke4 fxe5 58. fxe5 Kg6 59. Rd1 Ra4+ 60. Rd4 Ra1 61. Kd5 Ra5+ 62. Ke6 Kg5 63. Rd6 h5 64. Rd5 Ra3 65. Ke7 Rxg3 66. e6+ Kg4 67. Kd6 Ra3 68. e7 Ra8 69. Ke6 Re8 70. Kf7 Rxe7+ 71. Kxe7 h4 72. Ke6 h3 73. Ke5 h2 74. Rd1 Kf3 1/2-1/2

[Event "IND-chT 36th"]
[Site "Bhubaneswar"]
[Date "2016.02.08"]
[Round "1"]
[White "Shyam Prasad Reddy, K."]
[Black "Debashis, Das"]
[Result "0-1"]
[WhiteElo "1516"]
[BlackElo "2487"]
[PlyCount "81"]
[EventDate "2016.02.08"]
[EventType "team-swiss"]
[EventRounds "9"]
[EventCountry "IND"]
[SourceTitle "CBM 170 Extra"]
[Source "ChessBase"]
[SourceDate "2016.02.25"]
[SourceVersion "1"]
[SourceVersionDate "2016.02.25"]
[SourceQuality "1"]
[WhiteTeam "Andhra Pradesh"]
[BlackTeam "Petroleum Sports"]
[WhiteTeamCountry "IND"]
[BlackTeamCountry "IND"]

1. c4 e5 2. g3 Nc6 3. Bg2 g6 4. Nc3 Bg7 5. Nf3 f5 6. d3 Nf6 7. Nd5 Nxd5 8. cxd5 Ne7 9. e4 d6 10. Bd2 0-0 11. 0-0 h6 12. Rc1 c5 13. dxc6 bxc6 14. Qa4 Be6 15. Ba5 Qd7 16. Rfd1 Rab8 17. b3 g5 18. Bc3 Rf7 19. Nd2 Rbf8 20. d4 exd4 21. Bxd4 Bxd4 22. Qxd4 c5 23. Qd3 Nc6 24. Nc4 Bxc4 25. Qxc4 f4 26. b4 Ne5 27. Qc3 cxb4 28. Qxb4 Rf6 29. Rd5 Qe7 30. Qc3 fxg3 31. fxg3 Rf2 32. Qb3 Kh8 33. Rc2 Qf6 34. Rd1 Ng4 35. Kh1 Rxc2 36. Qxc2 Nf2+ 37. Kg1 Nxd1 38. Qxd1 d5 39. h3 dxe4 40. Bxe4 Rd8 41. Qe2 0-1